000 00710nam a2200301Ia 4500
005 20260401122418.0
008 008 250103s9999 xx 000 0 eng d
020 _a9780674051836
037 _aTB
040 _aEDL
040 _beng
040 _cEDL
041 _2eng
041 _aeng
084 _a111.85 SPI
084 _qEDL
100 _aSpivak, Gayatri Chakravorty
_9850090
245 0 _aAesthetic Education in the Era of Globalization
245 0 _cSpivak, Gayatri Chakravorty
260 _aLondon
260 _bHarvard University Press
260 _c2011
300 _a607p
942 _cTB
942 _h111.85 SPI
999 _c1847106
_d1847106